[Event "Olimpiade 2014 - Open"]
[Site "Tromsø"]
[Date "11.08.2014"]
[Round "9.7"]
[Board "1"]
[White "Zhigalko, Sergei"]
[Black "Giri, Anish"]
[Result "1/2-1/2"]
[WhiteTitle "GM"]
[BlackTitle "GM"]
[WhiteElo "2678"]
[BlackElo "2745"]
[WhiteTeam "Belarus"]
[BlackTeam "Netherlands"]
[WhiteFideId "13502956"]
[BlackFideId "24116068"]
[EventDate "2014.08.02"]

1. e4 c5 2. Nf3 e6 3. c3 d5 4. exd5 Qxd5 5. d4 Nf6 6. Be2 Nc6 7. O-O cxd4 8.
cxd4 Be7 9. Nc3 Qd6 10. Nb5 Qd8 11. Be3 O-O 12. Rc1 Nd5 13. Nc3 Bf6 14. Ne4 Nce7
15. Nxf6+ Nxf6 16. Bg5 Nfd5 17. Bxe7 Qxe7 18. Ne5 b6 19. Bf3 Bb7 20. Nc6 Bxc6
21. Rxc6 Qd7 22. Rc1 Rac8 23. Qd2 h6 24. g3 Rfd8 25. Rxc8 Rxc8 26. Rc1 Rxc1+ 27.
Qxc1 Ne7 28. Qf4 Nf5 29. Qb8+ Kh7 30. Be4 Qxd4 31. Bxf5+ exf5 32. Qxa7 Qxb2 33.
Qxf7 Qb1+ 34. Kg2 Qe4+ 35. Kg1 Qb1+ 36. Kg2 Qe4+ 37. Kg1 Qb1+ 38. Kg2 1/2-1/2

[Event "Olimpiade 2014 - Open"]
[Site "Tromsø"]
[Date "11.08.2014"]
[Round "9.7"]
[Board "2"]
[White "L'Ami, Erwin"]
[Black "Zhigalko, Andrey"]
[Result "1/2-1/2"]
[WhiteTitle "GM"]
[BlackTitle "GM"]
[WhiteElo "2631"]
[BlackElo "2580"]
[WhiteTeam "Netherlands"]
[BlackTeam "Belarus"]
[WhiteFideId "1007998"]
[BlackFideId "13502247"]
[EventDate "2014.08.02"]

1. d4 Nf6 2. c4 g6 3. Nf3 Bg7 4. g3 c5 5. Bg2 cxd4 6. Nxd4 O-O 7. O-O Nc6 8. Nc3
Qa5 9. Nb3 Qh5 10. c5 d6 11. cxd6 Rd8 12. e4 Qxd1 13. Rxd1 Rxd6 14. Rxd6 exd6
15. Bf4 Ne8 16. Rd1 Bg4 17. f3 Be6 18. Be3 Nb4 19. Nc1 a5 20. Bd4 Bxd4+ 21. Rxd4
Rc8 22. Rd2 Kf8 23. Kf2 Ke7 24. Bf1 Nf6 25. a3 Nc6 26. N1e2 g5 27. Nd4 Nxd4 28.
Rxd4 Rc5 29. Bb5 Bd7 30. Be2 Be6 31. Ke3 d5 32. exd5 Nxd5+ 33. Nxd5+ Rxd5 34.
Rxd5 Bxd5 35. Bd3 h5 36. h4 gxh4 37. gxh4 b6 38. f4 Kf6 39. Be2 Kg6 40. Kd4 Bb3
41. Ke5 f6+ 42. Kd6 Bc2 43. Ke7 Bb1 44. b4 axb4 45. axb4 Bc2 46. Ke6 Be4 47. b5
Bc2 48. Ke7 Be4 49. Kd6 Kf5 50. Bxh5 Kxf4 51. Bd1 Bd3 52. Kc6 f5 53. Kxb6 Ke5
54. Kc5 Bxb5 1/2-1/2

[Event "Olimpiade 2014 - Open"]
[Site "Tromsø"]
[Date "11.08.2014"]
[Round "9.7"]
[Board "3"]
[White "Aleksandrov, Aleksej"]
[Black "Tiviakov, Sergei"]
[Result "1/2-1/2"]
[WhiteTitle "GM"]
[BlackTitle "GM"]
[WhiteElo "2595"]
[BlackElo "2664"]
[WhiteTeam "Belarus"]
[BlackTeam "Netherlands"]
[WhiteFideId "13500139"]
[BlackFideId "1008013"]
[EventDate "2014.08.02"]

1. d4 Nf6 2. c4 e6 3. Nc3 Bb4 4. f3 O-O 5. a3 Bxc3+ 6. bxc3 Nh5 7. Nh3 f5 8. Ra2
Nf6 9. Nf2 d6 10. e4 fxe4 11. fxe4 e5 12. Bd3 Nc6 13. Be3 b6 14. O-O Qe8 15. h3
Qg6 16. Kh2 Bd7 17. g4 Na5 18. Rg1 Qf7 19. Qe2 Ba4 20. Rb2 Nd7 21. Nh1 Bb3 22.
Ng3 Bxc4 23. d5 Bxd3 24. Qxd3 Nc5 25. Bxc5 dxc5 26. Nf5 Nb7 27. Rf2 Kh8 28. Rgf1
g6 29. Nd6 Qxf2+ 30. Rxf2 Rxf2+ 31. Kg3 Nxd6 32. Kxf2 Rf8+ 33. Kg1 Kg7 34. Qg3
Rf4 35. Qh4 Rf6 36. Qg3 Rf4 37. Qh4 Rf6 38. Qg3 1/2-1/2

[Event "Olimpiade 2014 - Open"]
[Site "Tromsø"]
[Date "11.08.2014"]
[Round "9.7"]
[Board "4"]
[White "Van Kampen, Robin"]
[Black "Stupak, Kirill"]
[Result "1/2-1/2"]
[WhiteTitle "GM"]
[BlackTitle "GM"]
[WhiteElo "2638"]
[BlackElo "2514"]
[WhiteTeam "Netherlands"]
[BlackTeam "Belarus"]
[WhiteFideId "1020854"]
[BlackFideId "13503758"]
[EventDate "2014.08.02"]

1. e4 c6 2. Nf3 d5 3. Nc3 Bg4 4. h3 Bxf3 5. Qxf3 e6 6. d4 Nf6 7. Bd3 Bb4 8. e5
Nfd7 9. Qg3 Bf8 10. Ne2 c5 11. c3 Nc6 12. O-O Qb6 13. Be3 c4 14. Bxc4 dxc4 15.
d5 Qxb2 16. dxc6 bxc6 17. Nd4 Qb7 18. Rfd1 Nc5 19. Rab1 Qa6 20. Qf3 Rc8 21. Nxc6
Qxc6 22. Qxc6+ Rxc6 23. Rb8+ Ke7 24. Bxc5+ Rxc5 25. Rb7+ Ke8 26. Rb8+ Ke7 27.
Rb7+ Ke8 28. Rb8+ Ke7 29. Rb7+ 1/2-1/2

[Event "Olimpiade 2014 - Open"]
[Site "Tromsø"]
[Date "11.08.2014"]
[Round "9.9"]
[Board "2"]
[White "Meier, Georg"]
[Black "Kamsky, Gata"]
[Result "1-0"]
[WhiteTitle "GM"]
[BlackTitle "GM"]
[WhiteElo "2646"]
[BlackElo "2706"]
[WhiteTeam "Germany"]
[BlackTeam "United States of America"]
[WhiteFideId "4675789"]
[BlackFideId "2000024"]
[EventDate "2014.08.02"]

1. d4 d5 2. c4 c6 3. Nf3 Nf6 4. e3 g6 5. Nc3 Bg7 6. Be2 O-O 7. O-O Qb6 8. Ne5
Be6 9. Na4 Qc7 10. Nc5 Bf5 11. cxd5 cxd5 12. Bd2 Ne4 13. Nxe4 Bxe4 14. Rc1 Qb6
15. Bc3 Bf5 16. Qa4 a5 17. Bb5 Rd8 18. Rfd1 f6 19. Nd3 Bd7 20. Bxd7 Nxd7 21. Be1
e5 22. dxe5 fxe5 23. b4 axb4 24. Qb3 Qb5 25. Bxb4 Kh8 26. Rc7 Rac8 27. Rdc1 Nb6
28. Bf8 1-0

[Event "Olimpiade 2014 - Open"]
[Site "Tromsø"]
[Date "11.08.2014"]
[Round "9.9"]
[Board "3"]
[White "Akobian, Varuzhan"]
[Black "Fridman, Daniel"]
[Result "1-0"]
[WhiteTitle "GM"]
[BlackTitle "GM"]
[WhiteElo "2653"]
[BlackElo "2639"]
[WhiteTeam "United States of America"]
[BlackTeam "Germany"]
[WhiteFideId "13300580"]
[BlackFideId "11600454"]
[EventDate "2014.08.02"]

1. d4 Nf6 2. c4 e6 3. Nf3 d5 4. Nc3 Be7 5. Bg5 h6 6. Bh4 O-O 7. e3 Ne4 8. Bxe7
Qxe7 9. Rc1 c6 10. g4 Nd7 11. h4 Nxc3 12. Rxc3 c5 13. cxd5 exd5 14. g5 h5 15.
Bg2 b6 16. dxc5 Nxc5 17. Nd4 Ne4 18. Bxe4 Qxe4 19. f3 Qe5 20. Kf2 Bd7 21. f4 Qe4
22. Qf3 Qxf3+ 23. Kxf3 Rfc8 24. Rhc1 Rxc3 25. Rxc3 Kf8 26. b3 Ke7 27. a4 Kd6 28.
Nb5+ Bxb5 29. axb5 Kd7 30. Rc1 a6 31. Ra1 a5 32. Rd1 Ke6 33. Rc1 Rd8 34. Ke2 Kd7
35. Rc6 Rc8 36. Rxb6 Rc3 37. Ra6 Rxb3 38. Rxa5 Ke6 39. Ra6+ Kf5 40. Ra7 d4 41.
Rxf7+ Kg4 42. exd4 Rxb5 43. g6 Rb3 44. f5 Kf4 45. f6 gxf6 46. g7 Rg3 47. Re7
Rg2+ 48. Kf1 1-0

[Event "Olimpiade 2014 - Open"]
[Site "Tromsø"]
[Date "11.08.2014"]
[Round "9.9"]
[Board "4"]
[White "Nisipeanu, Liviu-Dieter"]
[Black "Shankland, Samuel L"]
[Result "1/2-1/2"]
[WhiteTitle "GM"]
[BlackTitle "GM"]
[WhiteElo "2689"]
[BlackElo "2624"]
[WhiteTeam "Germany"]
[BlackTeam "United States of America"]
[WhiteFideId "1202758"]
[BlackFideId "2004887"]
[EventDate "2014.08.02"]

1. d4 d5 2. Nf3 Nf6 3. c4 e6 4. Nc3 dxc4 5. e4 Bb4 6. Bxc4 Nxe4 7. O-O Nxc3 8.
bxc3 Be7 9. Qc2 Nd7 10. Re1 O-O 11. Bf4 b6 12. d5 e5 13. Nxe5 Nxe5 14. Bxe5 Bd6
15. Bd3 h6 16. Qa4 Bxe5 17. Rxe5 Qd6 18. Qe4 g6 19. Bb5 Bd7 20. Bxd7 Qxd7 21.
Re1 Rad8 22. c4 Qa4 23. h4 b5 24. Qe3 h5 25. c5 Qxh4 26. c6 Qc4 27. Qxa7 Rxd5
28. Rxd5 Qxd5 29. Qxc7 Qxa2 30. Qd7 Qc4 31. Re8 1/2-1/2

[Event "Olimpiade 2014 - Open"]
[Site "Tromsø"]
[Date "11.08.2014"]
[Round "9.10"]
[Board "1"]
[White "Aronian, Levon"]
[Black "Ivanisevic, Ivan"]
[Result "1/2-1/2"]
[WhiteTitle "GM"]
[BlackTitle "GM"]
[WhiteElo "2805"]
[BlackElo "2613"]
[WhiteTeam "Armenia"]
[BlackTeam "Serbia"]
[WhiteFideId "13300474"]
[BlackFideId "912417"]
[EventDate "2014.08.02"]

1. d4 Nf6 2. c4 c5 3. d5 g6 4. Nc3 Bg7 5. e4 O-O 6. Bd3 d6 7. h3 e6 8. Nf3 Nbd7
9. O-O e5 10. Bg5 h6 11. Bd2 Nh7 12. Qc1 f5 13. Bxh6 f4 14. Bxg7 Kxg7 15. Be2
Ndf6 16. a3 Bd7 17. Rd1 g5 18. g4 Rh8 19. Rd3 Nf8 20. Qf1 Ng6 21. Nxg5 Nh7 22.
Nxh7 Rxh7 23. Qg2 Qg5 24. f3 Rah8 25. Bf1 Rh6 26. Rc1 R8h7 27. Rc2 Qd8 28. Qh2
Nh8 29. Qh1 Nf7 30. Rh2 Ng5 31. Rdd2 1/2-1/2

[Event "Olimpiade 2014 - Open"]
[Site "Tromsø"]
[Date "11.08.2014"]
[Round "9.10"]
[Board "2"]
[White "Perunovic, Milos"]
[Black "Sargissian, Gabriel"]
[Result "1/2-1/2"]
[WhiteTitle "GM"]
[BlackTitle "GM"]
[WhiteElo "2602"]
[BlackElo "2686"]
[WhiteTeam "Serbia"]
[BlackTeam "Armenia"]
[WhiteFideId "921629"]
[BlackFideId "13300881"]
[EventDate "2014.08.02"]

1. e4 e5 2. Nf3 Nc6 3. Nc3 Nf6 4. Bb5 Bb4 5. O-O O-O 6. d3 d6 7. Bg5 Ne7 8. Nh4
c6 9. Bc4 d5 10. Bb3 a5 11. a4 Qd6 12. Qf3 h6 13. Bxf6 Qxf6 14. Qxf6 gxf6 15. f4
Be6 16. Ne2 Ng6 17. Nf5 Bxf5 18. exf5 Bc5+ 19. d4 exd4 20. Ng3 Ne7 21. Nh5 d3+
22. Kh1 Nxf5 23. Nxf6+ Kg7 24. Nd7 Ne3 25. Nxc5 Nxf1 26. Rxf1 dxc2 27. Kg1 Rfe8
28. Bxc2 Re2 29. Rf2 Rae8 30. Bd3 Re1+ 31. Bf1 b6 32. Nd7 b5 33. axb5 cxb5 34.
Rd2 Ra1 35. Kf2 Re4 36. Bxb5 Rxf4+ 37. Kg3 Rb4 38. Bc6 Ra2 39. Bxd5 Rbxb2 40.
Rd4 Ra3+ 41. Kf4 Rb4 42. Rxb4 axb4 43. Nb6 b3 44. Nc4 Ra1 45. Ke3 Rd1 46. Bf3
Rb1 47. Be4 Re1+ 48. Kd3 Kf6 49. Nb2 Ke5 50. Bf3 Rf1 1/2-1/2

[Event "Olimpiade 2014 - Open"]
[Site "Tromsø"]
[Date "11.08.2014"]
[Round "9.10"]
[Board "3"]
[White "Movsesian, Sergei"]
[Black "Sedlak, Nikola"]
[Result "1/2-1/2"]
[WhiteTitle "GM"]
[BlackTitle "GM"]
[WhiteElo "2672"]
[BlackElo "2554"]
[WhiteTeam "Armenia"]
[BlackTeam "Serbia"]
[WhiteFideId "310204"]
[BlackFideId "922900"]
[EventDate "2014.08.02"]

1. e4 e6 2. d4 d5 3. Nd2 c5 4. Ngf3 cxd4 5. exd5 Qxd5 6. Bc4 Qd6 7. O-O Nf6 8.
Nb3 Nc6 9. Nbxd4 Nxd4 10. Nxd4 a6 11. Re1 Qc7 12. Qe2 Bd7 13. Bg5 O-O-O 14. a4
Kb8 15. Nf3 Bd6 16. Ne5 Bc8 17. Bh4 Ka8 18. Bd3 h6 19. a5 Bxe5 20. Qxe5 Qxe5 21.
Rxe5 g5 22. Bg3 Nh5 23. f3 Nxg3 24. hxg3 f6 25. Rc5 Bd7 26. Kf2 Kb8 27. Rh1 Rc8
28. Rxc8+ Kxc8 29. g4 f5 30. gxf5 exf5 31. f4 gxf4 32. Rh4 h5 33. Rxf4 h4 34.
Bf1 Kc7 35. Kg1 Kd6 36. Rd4+ Ke7 37. Bd3 Rh5 38. Be2 Rh6 39. Rb4 Bc6 40. Bf3 h3
41. Bxc6 bxc6 42. gxh3 Rxh3 43. Rb6 Kd6 44. Rxa6 Rh4 45. c3 Ra4 46. b4 Kd5 47.
Ra8 Kc4 48. a6 Kb5 49. Kf2 Ra3 50. Rf8 Rxa6 51. Rxf5+ Kb6 52. Ke3 Ra8 53. Kd4
Rh8 54. Kc4 Rh4+ 55. Kb3 Rh3 56. Rg5 Rf3 57. Rg4 Rh3 58. Kc4 Rf3 59. Kd4 Rh3 60.
Re4 Rg3 61. Kc4 Rh3 62. Rd4 Rg3 63. Rd3 Rg4+ 64. Kb3 Kb5 65. Rh3 Rf4 66. Rh5+
Kb6 67. c4 Rf1 68. Rh6 Rb1+ 69. Ka3 Rc1 70. Kb3 Rb1+ 71. Kc3 Rc1+ 72. Kd3 Rd1+
73. Kc2 Rd7 74. Kb3 Kb7 75. Ka4 Rd4 76. c5 Rd7 77. Ka5 Rg7 78. Rf6 Rh7 79. Rg6
Rf7 80. Ka4 Rh7 81. Rg4 Rf7 82. Kb3 Rh7 83. Kc4 Rd7 84. Rh4 Rg7 85. Kd4 Re7 86.
Rg4 Ka6 87. Rg8 Kb7 88. Rg6 Kc7 89. Rg4 Kb7 90. Re4 Rd7+ 91. Ke5 Rd5+ 92. Kf6
Ka6 93. Re8 Kb7 94. Re7+ Kb8 95. Re4 Kb7 96. Rg4 Ka6 97. Rg8 Kb7 98. Rg7+ Kb8
99. Rg4 Kb7 100. Ke6 Rd1 101. Rg7+ Kc8 102. Rg4 Kb7 103. Ke5 Rd5+ 104. Ke4 Rd1
105. Rg7+ Kb8 106. Ke5 Rd5+ 107. Ke6 Kc8 108. b5 Rxc5 109. Kd6 Rc1 110. Rg8+ Kb7
111. bxc6+ Rxc6+ 1/2-1/2

[Event "Olimpiade 2014 - Open"]
[Site "Tromsø"]
[Date "11.08.2014"]
[Round "9.10"]
[Board "4"]
[White "Indjic, Aleksandar"]
[Black "Akopian, Vladimir"]
[Result "1/2-1/2"]
[WhiteTitle "GM"]
[BlackTitle "GM"]
[WhiteElo "2539"]
[BlackElo "2655"]
[WhiteTeam "Serbia"]
[BlackTeam "Armenia"]
[WhiteFideId "911925"]
[BlackFideId "13300032"]
[EventDate "2014.08.02"]

1. d4 Nf6 2. c4 e6 3. Nf3 b6 4. a3 Bb7 5. Nc3 d5 6. Bg5 dxc4 7. e3 Be7 8. Bxc4
O-O 9. O-O Nbd7 10. Qe2 h6 11. Bh4 Ne4 12. Nxe4 Bxh4 13. Nc3 Bf6 14. Rfd1 Qe7
15. e4 g6 16. Rac1 Rad8 17. Ba6 Ba8 18. b4 c5 19. e5 Bg7 20. Ne4 Nb8 21. Bd3
cxd4 22. h4 Rc8 23. Qd2 Nd7 24. Qf4 a5 25. Bb5 Rxc1 26. Rxc1 f5 27. Ned2 g5 28.
hxg5 hxg5 29. Qxg5 Qxg5 30. Nxg5 Bh6 31. Nxe6 Bxd2 32. Rd1 Bc3 33. Bxd7 Rf7 34.
Bb5 axb4 35. axb4 Re7 36. Bc4 Kh7 37. b5 Be4 38. f3 Bc2 39. Rxd4 Bxd4+ 40. Nxd4
Rc7 41. Nc6 f4 42. Kf2 Kg6 43. g4 fxg3+ 44. Kxg3 Kf5 45. Bf1 Rg7+ 46. Kf2 Kf4
47. e6 Bf5 48. e7 Bd7 49. Bh3 Be8 50. Bg4 Rh7 51. Ke2 Bxc6 52. bxc6 Rxe7+ 53.
Kd3 Ke5 54. Bd7 Kd6 55. f4 Re1 56. Kc2 Re3 57. f5 b5 58. Kb2 Rf3 59. Kc2 b4 60.
Kb2 Rc3 61. Ka2 Ke5 62. Kb2 Kf6 63. Ka2 Ke7 64. Kb2 Kd6 65. Ka2 Ra3+ 66. Kb2 Rh3
67. Ka2 Rf3 68. Kb2 Kc7 69. Ka2 Kb6 70. Kb2 Re3 71. Ka2 Ra3+ 1/2-1/2

[Event "Olimpiade 2014 - Open"]
[Site "Tromsø"]
[Date "11.08.2014"]
[Round "9.11"]
[Board "1"]
[White "Grischuk, Alexander"]
[Black "Urkedal, Frode"]
[Result "1-0"]
[WhiteTitle "GM"]
[BlackTitle "IM"]
[WhiteElo "2795"]
[BlackElo "2500"]
[WhiteTeam "Russia"]
[BlackTeam "Norway 2"]
[WhiteFideId "4126025"]
[BlackFideId "1506102"]
[EventDate "2014.08.02"]

1. e4 e5 2. Nf3 Nc6 3. Bb5 a6 4. Ba4 Nf6 5. O-O Be7 6. d3 b5 7. Bb3 Bb7 8. Re1
O-O 9. a4 d6 10. Nbd2 Nd7 11. c3 Nc5 12. axb5 axb5 13. Rxa8 Qxa8 14. Bc2 b4 15.
d4 Nd7 16. Nf1 bxc3 17. bxc3 Re8 18. Ng3 Qa1 19. Qd2 Bf8 20. Bb3 Qa5 21. Qc2 Rb8
22. Bd2 Nd8 23. h3 c5 24. dxe5 Nxe5 25. Nxe5 dxe5 26. Bd5 Bc8 27. Nf5 Ne6 28.
Ne3 Nf4 29. Nc4 Qc7 30. Bxf4 exf4 31. e5 f3 32. Bxf3 Be6 33. Qe4 Re8 34. Be2 g6
35. f4 Qb8 36. Bg4 Bxc4 37. Qxc4 Rd8 38. Bf3 Rd2 39. Bd5 Qc7 40. Qe4 c4 41. Bxc4
Be7 42. Kh1 Qc5 43. Rf1 Rf2 44. Rd1 Kg7 45. Rd7 Qa3 46. Kh2 Kf8 47. Qd4 Qb2 48.
Qd5 Rxf4 49. Rxe7 Kxe7 50. Qd6+ Ke8 51. Bd5 1-0

[Event "Olimpiade 2014 - Open"]
[Site "Tromsø"]
[Date "11.08.2014"]
[Round "9.11"]
[Board "2"]
[White "Elsness, Frode"]
[Black "Svidler, Peter"]
[Result "1/2-1/2"]
[WhiteTitle "IM"]
[BlackTitle "GM"]
[WhiteElo "2477"]
[BlackElo "2751"]
[WhiteTeam "Norway 2"]
[BlackTeam "Russia"]
[WhiteFideId "1501100"]
[BlackFideId "4102142"]
[EventDate "2014.08.02"]

1. d4 Nf6 2. c4 g6 3. Nc3 d5 4. cxd5 Nxd5 5. e4 Nxc3 6. bxc3 Bg7 7. Nf3 c5 8.
Be3 Qa5 9. Nd2 Nd7 10. Qc2 O-O 11. Be2 Nf6 12. O-O Bd7 13. Rab1 cxd4 14. cxd4
Rac8 15. Qb3 Rc3 16. Qxb7 Rxe3 17. Nc4 Qxa2 18. Rb2 Rxe2 19. Rxa2 Rxa2 20. e5
Bc8 21. Qb3 Ra6 22. exf6 Bxf6 23. d5 Rd8 24. Qb8 e6 25. d6 Rc6 26. Qb5 Bd7 27.
Qb4 e5 28. Ne3 Be6 29. Rd1 Kg7 30. h4 h5 31. g3 a5 32. Qxa5 Rdxd6 33. Rxd6 Rxd6
34. Qb4 Rd4 35. Qb5 Kh7 36. Qe8 Bg7 37. Qe7 Bh6 38. Qc5 Bg7 39. Qe7 Rd7 40. Qc5
Rd8 41. Qe7 Rc8 42. Kg2 Rc3 43. Qb4 Rb3 44. Qe7 Rd3 45. Kf1 Rd7 1/2-1/2

[Event "Olimpiade 2014 - Open"]
[Site "Tromsø"]
[Date "11.08.2014"]
[Round "9.11"]
[Board "3"]
[White "Karjakin, Sergey"]
[Black "Hansen, Torbjorn Ringdal"]
[Result "1/2-1/2"]
[WhiteTitle "GM"]
[BlackTitle "IM"]
[WhiteElo "2786"]
[BlackElo "2450"]
[WhiteTeam "Russia"]
[BlackTeam "Norway 2"]
[WhiteFideId "14109603"]
[BlackFideId "1501720"]
[EventDate "2014.08.02"]

1. e4 e5 2. Nf3 Nc6 3. Bb5 a6 4. Ba4 Nf6 5. O-O Be7 6. Re1 b5 7. Bb3 d6 8. c3
O-O 9. h3 Na5 10. Bc2 c5 11. d4 Qc7 12. d5 Bd7 13. b3 Nb7 14. Nbd2 Nd8 15. Nf1
Ne8 16. g4 g6 17. Ng3 Ng7 18. Nh2 f6 19. f4 exf4 20. Bxf4 Nf7 21. Nf3 a5 22. a4
bxa4 23. bxa4 Ne5 24. Rf1 Rab8 25. Kg2 Bc8 26. Qe2 Rb6 27. Rfb1 Ba6 28. Qd1 Rfb8
29. Rxb6 Rxb6 30. Nxe5 fxe5 31. Bh6 Qd8 32. Qd2 Rb2 33. Qc1 Qb6 34. Bd2 Bg5 35.
Kf3 Bd3 36. Rb1 Rxb1 37. Qxb1 Qxb1 38. Bxb1 Bxd2 39. Bxd3 Bxc3 40. Nf1 Kf7 41.
Bb5 Ne8 1/2-1/2

[Event "Olimpiade 2014 - Open"]
[Site "Tromsø"]
[Date "11.08.2014"]
[Round "9.11"]
[Board "4"]
[White "Tari, Aryan"]
[Black "Nepomniachtchi, Ian"]
[Result "1/2-1/2"]
[WhiteTitle "IM"]
[BlackTitle "GM"]
[WhiteElo "2440"]
[BlackElo "2714"]
[WhiteTeam "Norway 2"]
[BlackTeam "Russia"]
[WhiteFideId "1510045"]
[BlackFideId "4168119"]
[EventDate "2014.08.02"]

1. e4 e6 2. d4 d5 3. Nd2 c5 4. Ngf3 cxd4 5. Nxd4 Nf6 6. exd5 Qxd5 7. N4f3 Be7 8.
Bc4 Qh5 9. O-O O-O 10. Re1 Nc6 11. Qe2 Rd8 12. Nf1 Bd7 13. Ng3 Qa5 14. Bd2 Qc7
15. Bc3 Rac8 16. Rad1 Be8 17. Ne4 Qf4 18. Nxf6+ Bxf6 19. Bxf6 Qxf6 20. c3 h6 21.
h3 b6 22. Ba6 Rb8 23. Bb5 Qf4 24. Rxd8 Rxd8 25. Rd1 Qc7 26. Rxd8 Qxd8 27. Ne5
Nxe5 28. Qxe5 Bxb5 29. Qxb5 Qd1+ 30. Kh2 Qd6+ 31. g3 g5 32. a4 Qc7 33. Qd3 Qc5
34. Kg1 a5 35. Qd4 Qxd4 36. cxd4 Kf8 37. Kf1 Ke7 38. Ke2 Kd6 39. Kd3 Kd5 40. b3
h5 41. f4 gxf4 42. gxf4 h4 43. Ke3 f6 44. Kd3 f5 45. Ke3 Kc6 46. Kd3 Kd5 47. Ke3
Kc6 48. Kd3 1/2-1/2

[Event "Olimpiade 2014 - Open"]
[Site "Tromsø"]
[Date "11.08.2014"]
[Round "9.12"]
[Board "1"]
[White "Vallejo Pons, Francisco"]
[Black "Shirov, Alexei"]
[Result "1/2-1/2"]
[WhiteTitle "GM"]
[BlackTitle "GM"]
[WhiteElo "2698"]
[BlackElo "2709"]
[WhiteTeam "Spain"]
[BlackTeam "Latvia"]
[WhiteFideId "2205530"]
[BlackFideId "2209390"]
[EventDate "2014.08.02"]

1. e4 c5 2. Nf3 d6 3. Bb5+ Bd7 4. Bxd7+ Qxd7 5. O-O Nf6 6. Qe2 Nc6 7. Rd1 g5 8.
c3 g4 9. Nh4 Qe6 10. d3 d5 11. Nd2 O-O-O 12. Nb3 dxe4 13. Nxc5 Qd5 14. Be3 Qh5
15. g3 exd3 16. Nxd3 Bg7 17. Nb4 Nxb4 18. cxb4 Kb8 19. Bf4+ Ka8 20. Rxd8+ Rxd8
21. Qxe7 Qd5 22. Rc1 Ne4 23. Re1 Nxf2 24. Kxf2 Bxb2 25. Qe4 Qxa2 26. Re2 Bd4+
27. Kg2 Qa1 28. Be3 Bxe3 29. Qxe3 a6 30. Nf5 h5 31. Rd2 Rxd2+ 32. Qxd2 Qf6 33.
Ne3 Qf3+ 34. Kg1 Qe4 35. Nd5 f5 36. Nb6+ Ka7 37. Nd5 Qb1+ 38. Kg2 Qe4+ 39. Kg1
Qb1+ 40. Kf2 Qh1 41. Qe3+ Kb8 42. Qe8+ Ka7 43. Qe3+ Kb8 44. Nf4 Qxh2+ 45. Ng2
Qh1 46. Qe5+ Ka7 47. Qc5+ Kb8 48. Qxf5 Qd1 49. Qf8+ Ka7 50. Qc5+ Ka8 51. Qc8+
Ka7 52. Qc3 Qd8 53. Ke2 Ka8 54. Qc4 Qe7+ 55. Ne3 h4 56. gxh4 Qxh4 57. Nxg4 Ka7
58. Qc5+ Ka8 59. Qf8+ Ka7 60. Qc5+ Ka8 61. Ne3 Qe4 62. Qc8+ Ka7 63. Qc5+ Kb8 64.
Kd2 Qf4 65. Kd3 Qg3 66. Kc4 Qf4+ 67. Kb3 Qe4 68. Qc3 Qb1+ 69. Ka3 Qe4 70. Nc4
Qh1 71. Nd6 Qh7 72. Qc8+ Ka7 73. Qc5+ Kb8 74. Qc3 Qh1 75. Qd3 Qa1+ 76. Kb3 b5
77. Qd5 Qb1+ 78. Kc3 Qe1+ 79. Kd3 Qb1+ 80. Ke3 Qe1+ 81. Kd3 Qb1+ 82. Ke2 Qc2+
83. Ke1 Qc1+ 84. Ke2 Qc2+ 85. Kf1 Qc1+ 86. Kf2 Qc2+ 87. Kg1 Qc1+ 88. Kg2 Qc2+
89. Kf3 Qc3+ 90. Ke2 1/2-1/2

[Event "Olimpiade 2014 - Open"]
[Site "Tromsø"]
[Date "11.08.2014"]
[Round "9.12"]
[Board "2"]
[White "Kovalenko, Igor"]
[Black "Anton Guijarro, David"]
[Result "1-0"]
[WhiteTitle "GM"]
[BlackTitle "GM"]
[WhiteElo "2650"]
[BlackElo "2624"]
[WhiteTeam "Latvia"]
[BlackTeam "Spain"]
[WhiteFideId "14117908"]
[BlackFideId "2285525"]
[EventDate "2014.08.02"]

1. d4 Nf6 2. c4 b6 3. Nf3 Bb7 4. g3 c5 5. d5 b5 6. Bg2 bxc4 7. Nc3 d6 8. Bg5
Nbd7 9. Qa4 Nxd5 10. Nxd5 Bxd5 11. O-O-O h6 12. Rxd5 hxg5 13. Ne5 Rc8 14. Rd2
Rh6 15. Rhd1 Rc7 16. Bc6 Qc8 17. Bxd7+ Rxd7 18. Qxc4 e6 19. Nxd7 d5 20. Rxd5
exd5 21. Rxd5 Be7 22. Ne5 Re6 23. Qa4+ Kf8 24. Qxa7 Kg8 25. e3 g4 26. Nc4 Bf8
27. Qa5 Ra6 28. Qd8 Qe6 29. Rxc5 Rxa2 30. Rc8 Ra1+ 31. Kd2 Kh7 32. Qxf8 Qd5+ 33.
Kc2 Qe4+ 34. Kb3 Qb7+ 35. Kc3 Qd5 36. Qe7 Qf5 37. Rc5 Rc1+ 38. Kb4 1-0

[Event "Olimpiade 2014 - Open"]
[Site "Tromsø"]
[Date "11.08.2014"]
[Round "9.12"]
[Board "3"]
[White "Salgado Lopez, Ivan"]
[Black "Neiksans, Arturs"]
[Result "1/2-1/2"]
[WhiteTitle "GM"]
[BlackTitle "GM"]
[WhiteElo "2620"]
[BlackElo "2572"]
[WhiteTeam "Spain"]
[BlackTeam "Latvia"]
[WhiteFideId "2257327"]
[BlackFideId "11601388"]
[EventDate "2014.08.02"]

1. e4 c5 2. Nf3 e6 3. c3 Nf6 4. e5 Nd5 5. d4 cxd4 6. cxd4 d6 7. a3 Nc6 8. Bd3
Be7 9. O-O O-O 10. b4 a6 11. Bb2 Nf4 12. Be4 d5 13. Bc2 Bd7 14. Nbd2 Rc8 15. Rc1
Na7 16. g3 Ng6 17. h4 Re8 18. h5 Nf8 19. h6 g6 20. Nh2 Bb5 21. Re1 Rc6 22. Ng4
Nd7 23. Bb1 Rxc1 24. Bxc1 Nc8 25. Nf3 Ncb6 26. Kg2 Ba4 27. Qd2 Nc4 28. Qf4 a5
29. Rh1 axb4 30. axb4 Rf8 31. Ng5 Bxb4 32. Nf6+ Nxf6 33. exf6 Bd6 34. Qf3 e5 35.
Bxg6 hxg6 36. h7+ Kh8 37. Kg1 Be7 38. fxe7 Qxe7 39. Qxd5 Bc6 40. Qxc4 Bxh1 41.
dxe5 Bc6 42. f4 Kg7 43. Bb2 Rh8 44. Qc3 Rxh7 45. e6+ f6 46. Nxh7 Kxh7 47. Qxf6
Qxf6 48. Bxf6 Kg8 49. Bc3 Bd5 50. e7 Kf7 51. Bb4 Bc6 52. Kf2 Bd7 53. Ke3 Ke6 54.
Kd4 b6 55. g4 Kf7 56. f5 1/2-1/2

[Event "Olimpiade 2014 - Open"]
[Site "Tromsø"]
[Date "11.08.2014"]
[Round "9.12"]
[Board "4"]
[White "Kantans, Toms"]
[Black "Illescas Cordoba, Miguel"]
[Result "0-1"]
[WhiteTitle "IM"]
[BlackTitle "GM"]
[WhiteElo "2496"]
[BlackElo "2618"]
[WhiteTeam "Latvia"]
[BlackTeam "Spain"]
[WhiteFideId "11602945"]
[BlackFideId "2200015"]
[EventDate "2014.08.02"]

1. Nf3 c5 2. g3 g6 3. Bg2 Bg7 4. d4 cxd4 5. Nxd4 Nc6 6. Nb3 d6 7. Nc3 Be6 8. O-O
Bxc3 9. bxc3 Qd7 10. Re1 Bh3 11. Bh1 h5 12. Nd4 h4 13. Rb1 hxg3 14. hxg3 Rc8 15.
Nxc6 bxc6 16. Qd4 e5 17. Qa4 Be6 18. Bg2 Nf6 19. Rb8 Rxb8 20. Bxc6 Rh1+ 21. Kxh1
Bd5+ 22. Kg1 Qxc6 23. Qh4 Qxc3 24. Rf1 Nh5 25. g4 Rb4 26. f3 Nf4 27. Qh8+ Kd7
28. Bxf4 Rxf4 0-1